000 00823nam a2200229Ia 4500
003 GCL
008 140319s9999 xx 000 0 ara d
040 _aGCL /
_cGCL
082 0 4 _a947.085
_bد ا
100 1 _aدالكوس، هيلين كارير
245 1 0 _aالامبراطورية السوفياتية الجديدة لا سلام ولا حرب /
_cدالكوس، هيلين كارير
700 1 _aمحمد عرب صاصيلا
260 _a[S.N] :
_bالمؤسسة الجامعية للدراسات والنشر والتوزيع ،
_c1987
300 _a333 ص
490 _a
650 0 4 _aالعصر الحديث
650 0 4 _aتاريخ
650 0 4 _aالاتحاد السوفيتى
650 0 4 _aالحكم الشيوعى
650 0 4 _aنمو الامبراطورية (1796-1725)
942 _2ddc
_cBK
999 _c30234
_d30234